Türkiye Cumhuriyeti Anayasası (Record no. 10818)
[ view plain ]
| 000 -BAŞLIK | |
|---|---|
| Sabit Uzunlukta Kontrol Alanı | 01086na a2200253 4500 |
| 001 - KONTROL NUMARASI | |
| Denetim Alanı | 24333 |
| 003 - KONTROL NUMARASI IDENTIFIER | |
| Denetim Alanı | MIRAKIL |
| 005 - SON İŞLEM TARİHİ VE ZAMANI | |
| Denetim Alanı | 20181213155334.0 |
| 008 - SABİT-BOY VERİ ELEMANLARI - GENEL BİLGİLER | |
| Sabit Uzunlukta Kontrol Alanı | 180917b tu 000 0 |
| 035 ## - SİSTEM KONTROL NUMARASI | |
| Sistem Kontrol Numarası | 17308 |
| 040 ## - KATALOGLAMA KAYNAK | |
| Orijinal Kataloglama Ajansı | Milas |
| Kataloglama Dili | tur |
| Metne Dönüştürmek Ajansı | TR-AnCHP |
| 041 ## - DİL KODU | |
| Metin / Ses Parça Veya Ayrı Başlığın Dil Kodu | tur |
| 082 ## - DEWEY ONLU SINIFLANDIRMA NUMARASI | |
| Sınıflandırma Numarası | 342.02 |
| Ürün Numarası | T96t 2010 |
| 090 ## - SINIFLAMA NUMARASI | |
| Sınıflama Numarası | 342.02 T96t 2010 |
| 110 ## - ANA GİRİŞ - KURUMSAL ADI | |
| Giriş Elemanı Olarak Kurumsal Ad Veya Yargı Alanı Adı | TÜHİS (Türk Ağır Sanayii ve Hizmet Sektörü Kamu İşverenleri Sendikası) |
| 245 ## - BAŞLIK TABLOSU | |
| Başlık | Türkiye Cumhuriyeti Anayasası |
| Başlığın Kalan | 12/09/2010 tarihine kadarki bütün değişiklikleriyle |
| Sorumluluk Tablosu, Vb | TÜHİS (Türk Ağır Sanayii ve Hizmet Sektörü Kamu İşverenleri Sendikası) |
| 260 ## - YAYIN, DAĞITIM, VB | |
| Yayın, Dağıtım, Vb Yeri | Ankara |
| Yayıncı, Dağıtıcı, Vs Adı | TÜHİS (Türk Ağır Sanayii ve Hizmet Sektörü Kamu İşverenleri Sendikası) |
| Yayın, Dağıtım, Vb Tarihi | 2010 |
| Üretici Firma | Hermes Ofset |
| 300 ## - FİZİKSEL TANIM | |
| Kapsam | 178 s. |
| Boyutlar | 16 sm. |
| 440 ## - SERİSİ TABLOSU / KATMA GİRİŞİ - BAŞLIK | |
| Başlık | TÜHİS (Türk Ağır Sanayii ve Hizmet Sektörü Kamu İşverenleri Sendikası) |
| Hacim / Ardışık Tanımı | yayın no. 69 |
| 650 ## - KONU KATMA GİRİŞ - TOPİKAL DÖNEM | |
| Topikal Süreli Veya Coğrafi Ad Giriş Elemanı | Anayasa hukuku |
| Genel Alt Bölümü | Kanunlar |
| Coğrafi Alt Bölümü | Türkiye |
| 651 ## - KONU KATMA GİRİŞ - COĞRAFİ ADI | |
| Coğrafi İsim | Türkiye |
| Genel Alt Bölümü | Anayasa, 1982 |
| 710 ## - KATMA GİRİŞ - KURUMSAL ADI | |
| Giriş Elemanı Olarak Kurumsal Ad Veya Yargı Alanı Adı | TÜHİS (Türk Ağır Sanayii ve Hizmet Sektörü Kamu İşverenleri Sendikası) |
| 942 ## - EKLENDİ GİRİŞ ELEMANLARI (KOHA) | |
| Sınıflandırma Veya Raf Düzeni Kaynak | Dewey Decimal Classification |
| Koha Öğesi Türü | Books |
| 999 ## - SİSTEM KONTROL NUMARALARI (KOHA) | |
| Koha Biblionumber | 10818 |
| Koha Biblioitemnumber | 10818 |
| Kalıcı Konum | Mevcut Konum | Edinme Tarihi | Edinim Kaynak | Toplam Check-Out'Lar | Tam Çağrı Numarası | Barkod | Tarih Son Görülme | İtibaren Geçerli Fiyatlar | Koha Öğesi Türü |
|---|---|---|---|---|---|---|---|---|---|
| CHP Kütüphanesi | CHP Kütüphanesi | 09/17/2018 | Bağış | 342.02 T96t 2010 | 007094 | 09/17/2018 | 09/17/2018 | Books |
